Statistics for Disney Channel Original Movies

Click here to take the quiz!

General Stats

  • This quiz has been taken 105 times
    (91 since last reset)
  • The average score is 16 of 34

Answer Stats

castyearAnswer% Correct
Zac Efron2006High school Musical
96%
Demi Lovato2008Camp Rock
93%
Dove Cameron, Sofia Carson2015Descendants
79%
Vanessa Hudgens2007High School Musical 2
79%
Dove Cameron, Cameron Boyce, Sofia Carson2017Descendants 2
74%
Ross Lynch, Maia Mitchell2013Teen Beach Movie
73%
Dove Cameron, Cameron Boyce, Sofia Carson2019Descendants 3
70%
Selena Gomez and Demi Lovato2009Princess Protection Program
70%
Meg Donnelly, Milo Manheim2018zombies
61%
Debby Ryan2012Radio Rebel
54%
Raven Symone2003The Cheetah Girls
54%
Zendaya2014Zapped
54%
Meg Donnelly, Baby Ariel, Milo Manheim2020Zombies 2
54%
Laura Marano, Leigh Allyn Baker2015Bad Hair Day
47%
Ross Lynch, Maia Mitchell2015Teen Beach 2
47%
Joe Jonas and Demi Lovato2010Camp rock 2: the final Jam
46%
Sabrina Carpenter and Sofia Carson2016Adventures in Babysitting
44%
Bella Thorne and zendaya2012Frenemies
43%
Cole and Dylan Sprouse2011the Suite Life movie
41%
Debby Ryan201016 Wishes
40%
Olivia Holt and Katherine mcnamara2012Girl vs Monster
40%
Cozi Zuehlsdorff2019Freaky Friday
39%
Sarah hyland2011Geek Charming
37%
Paris Berelc and Rowan Blanchard2015Invisible Sister
37%
Danielle Campbell2010Starstruck
36%
Peyton List2016The Swap
34%
Hilary Duff2002Cadet kelly
33%
Dove Cameron2014Cloud 9
31%
Greg Sulkin2010Avalon
23%
Lindsay Lohan2002Get a Clue
16%
Selena Gomez2009The Wizards of waverly place movie
14%
Aly Michalka2005Now You see it
7%
leah Pipes2004Pixel Perfect
7%
Mandy Moore, Zachary Levi2017Tangled Before ever After
3%

Score Distribution

Percentile by Number Answered

Percent of People with Each Score

Your Score History

You have not taken this quiz since the last reset